zpět

Detail výsledku týmu

Lidové sady, Liberec

Datum a čas kvízu

27 Celkem bodů Celkový počet nahraných bodů na tomto kvízu bez doplňovacích otázek.
13. Pořadí na kvízu Konečné umístění týmu na tomto kvízu.

Zaznamenané odpovědi

# Otázka Odpověď Body Výsledky
1. Český premiér jednal ve středu... 0
2. Kanadská vláda se minulou stře... 1
3. Oblíbená americká zpěvačka vyd... 0
4. McDonald's přišel o ochrannou... 1
5. Nadnárodní výrobce sportovního... 0
6. V tomto tématu Vás čeká pět vý... 0
7. S Bulharskem nesousedí: 1
8. Z níže vypsaných děl vyberte j... 1
9. Které z těchto zvířat neřadíme... 0
10. Které z těchto příjmení je v Č... 0